|
|
|
|
| LEADER |
01208nam a2200289 a 4500 |
| 001 |
GR-Patra15978 |
| 008 |
030911s2000 gr e b 001 0 eng d |
| 020 |
|
|
|a 0787952370
|
| 040 |
|
|
|a GrPaTEI
|b gre
|c GR-PaULI
|
| 040 |
|
|
|a GrPaTEI
|b gre
|c GR-PaULI
|
| 082 |
|
0 |
|a 658.4092
|2 21
|
| 245 |
0 |
0 |
|a Linkage Inc.'s best practices in leadership development handbook :
|b Case studies, instruments, training ; editors, David Giber ; Louis L. Carter.
|
| 260 |
|
|
|a San Francisco :
|b Jossey-Bass/Pfeiffer :
|b Linkage Incorporated,
|c c2000
|
| 300 |
|
|
|a xxiii, 471σ.
|
| 504 |
|
|
|a Περιλαμβάνει βιβλιογραφίες και ευρετήριο.
|
| 650 |
|
0 |
|a Leadership
|x Case studies
|
| 650 |
|
0 |
|a Strategic planning
|x Case studies
|
| 700 |
1 |
|
|a Bennis, Warren
|
| 700 |
1 |
|
|a Carter, Louis L.
|
| 700 |
1 |
|
|a Giber, David
|
| 700 |
1 |
|
|a Goldsmith, Marshall
|
| 710 |
0 |
|
|a JOSSEY - BASS PUBLISHERS
|
| 710 |
0 |
|
|a Linkage incorporated
|
| 942 |
|
|
|2 ddc
|
| 952 |
|
|
|0 0
|1 0
|2 ddc
|4 0
|6 658_409200000000000_LIN
|7 1
|9 295272
|a LISK
|b LISK
|c BSC
|d 2021-01-17
|e 24
|f 0
|g 0.00
|l 0
|o 658.4092 LIN
|p 92410021125
|r 2021-01-17 00:00:00
|t 1
|w 2021-01-17
|y BKN
|x 20030911 0 0
|x GrPaTEI
|
| 971 |
|
|
|a .b26634934
|b 15-04-20
|c 23-09-16
|
| 999 |
|
|
|c 172320
|d 172320
|